000 00617cam a22002291 4500
001 he 67002336
003 DLC
005 20260227111451.0
008 840307s1934 is 000 0 heb
010 _ahe 67002336
035 _a(OCoLC)19160809
040 _aDLC
_cMH
_dDLC
042 _apremarc
050 0 0 _aBM522.61
_b.A45
100 1 _aMakovski, Zebi.
245 1 0 _aSheʼelot u-teshuvot Yeḥaṿeh daʻat.
260 _aJerusalem :
_bDefus Ḥ. Tsuḳerman,
_c695 [1934]
300 _a138 p. ;
_c25 cm.
650 0 _aResponsa
_y1800-1948.
740 0 _aYeḥaṿeh daʻat.
752 _aIsrael
_dJerusalem
999 _c32778
_d32778